000 00936nam a2200265Ia 4500
003 OSt
005 20221005113244.0
006 a|||||r|||| 00| 0
007 ta
008 221004b |||||||| |||| 00| 0 pan d
020 _a9789387276116 (hbk)
_cINR 200.00
024 _a44907
037 _b1044, 02/02/2019, H.K. Prakashan
_cTextual
040 _aCRL
_cCRL
_bpan
041 _2pan
_apan
082 _aO153,1:g, Q8
100 _aਦੀਪਕ ਕੁਮਾਰ
245 0 _aਸਮਕਾਲੀ ਪੰਜਾਬੀ ਕਵਿਤਾ
_b ਪਾਠਗਤ ਸਮੀਖਿਆ
260 _aਪਟਿਆਲਾ
_bਗ੍ਰੌFਿਅਸ ਭਾਰਤ
_c2018
300 _a114ਪ੍ਰ0
_ccm.
650 _a ਪੰਜਾਬੀ ਕਾਵਿ
650 _aਪੰਜਾਬੀ ਸਾਹਿਤ
942 _hO153,1:g, Q8
_cTEXL
_2cc
999 _c1027565
_d1027565